| 000 | 00690nam a2200253 a 4500 | ||
|---|---|---|---|
| 001 | 20145 | ||
| 003 | VRT | ||
| 005 | 20260117123225.0 | ||
| 008 | 090219s1978 xo 000 0 slo d | ||
| 035 | _aa000405445 | ||
| 039 | 9 |
_a201003080942 _btupik _c200902261615 _djuso |
|
| 040 |
_aUKB _bslo _cUKB _eAACR2 |
||
| 041 | 0 | _aslo | |
| 044 |
_axo _cSK |
||
| 100 | 1 | _aHaviarová, Darina | |
| 245 | 1 | 0 | _aVlastivedný sprievodca po Slovensku |
| 250 | _a1. vyd. | ||
| 260 |
_aBratislava _bSlovenské pedagogické nakladateľstvo _c1978 |
||
| 300 | _a328 s., obr. príl. | ||
| 700 | 1 |
_aUhrin, Pavol _4aut |
|
| 910 | _aukb | ||
| 942 |
_2ddc _cOLDO _n0 |
||
| 949 |
_61800403337 _a24.D.46257 _bKD.4484-77 |
||
| 999 |
_c20145 _d20145 |
||